000 00657nam a2200193 i 4500
001 50393
003 ES-MaACL
005 20230906162154.0
007 t|
008 030804s1963 sp ||||1| spa d
100 1 _aCuadra Echaide, Pilar de.
_9157527
245 1 0 _aMujeres vascas
_b; Las Oquendo ; Seis hábitos y una inquisición /
_cPilar de Cuadra.
260 _aPamplona :
_bGómez,
_c[1963]
300 _a242 p., 6 lám. ;
_c22 cm.
500 _aA partir de la p. 160 la paginación es irregular.
600 1 4 _aOquendo San Millan (Familia)
_9157528
650 4 _aMujeres-
_zPaís Vasco-
_xBiografías.
_9157529
852 _aES-MaACL
_jC-24845
_bR.53514
999 _c50393
_d50393